| 000 | 00514nam a22001697a 4500 | ||
|---|---|---|---|
| 003 | CEME | ||
| 005 | 20210628210456.0 | ||
| 008 | 210208b xxu||||| |||| 00| 0 eng d | ||
| 040 | _c. | ||
| 082 | _a297.7 USM | ||
| 100 |
_aMufti Muhammad Taqi Usman Taqi Usmani Usmani, Muhammad Taqi _979541 |
||
| 245 | _aIslahi khutbat | ||
| 250 | _a10-VOLS | ||
| 260 |
_aKARACHI _bMAMON ISLAMIC PUBLISHER _c1993 |
||
| 650 |
_aISLAM-ISLAHI KHUTBAT-MUFTI MUHAMMAD TAQI USMANI ISLAM-KHUTBAT-TAQI USMANI _979542 |
||
| 942 |
_cBK _2ddc |
||
| 999 |
_c584569 _d584569 |
||